Guess the lyrics (#105) - Statistics

General Stats
  • This quiz has been taken 50 times
  • The average score is 38 of 94
Answer Stats
answer % Correct
I
98%
I
98%
I
98%
I
98%
the
86%
the
86%
The
86%
The
86%
in
77%
your
77%
and
75%
for
75%
my
75%
my
75%
my
75%
my
75%
my
75%
be
73%
we
73%
is
70%
to
70%
to
70%
to
70%
It's
61%
it's
61%
I'm
57%
I'm
57%
don't
52%
don't
52%
Don't
52%
Don't
52%
don't
52%
here
50%
here
50%
all
48%
get
43%
get
43%
get
43%
Out
43%
out
43%
are
39%
Oh
39%
look
36%
only
36%
only
36%
yeah,
36%
need
34%
need
34%
eye
32%
cry,
30%
take
30%
right,
27%
They're
27%
together
27%
back
25%
hand
25%
We'll
25%
living
23%
teenage
20%
Teenage
20%
teenage
20%
Teenage
20%
teenage
20%
wasteland
20%
wasteland,
20%
wasteland
20%
wasteland,
20%
wasteland,
20%
fields
18%
fight
18%
fight
18%
into
18%
shoulder
18%
before
16%
exodus
16%
meals
16%
much
16%
Put
16%
wasted
16%
forgiven
14%
land
14%
Let's
14%
past
14%
prove
14%
'cross
11%
fire
11%
older
11%
raise
11%
near
9%
travel
9%
happy
7%
Sally
7%
south
5%
ones
2%
No matching quizzes found
Score Distribution
Percent of People with Each Score
Percentile by Number Answered
Your Score History
You have not taken this quiz